Quick Pick: Famous Perrys Quiz Stats

 Plays Quiz Updated Jul 5, 2020

Support Sporcle.
Go Orange.
Score 0/14 Timer 01:30
0 Plays Today
% Correct
Katy Perry
94.5%
Matthew Perry
89.6%
Perry the Platypus
84.2%
Perry Mason
82.5%
William Perry
81.6%
Luke Perry
80.4%
Perry Como
76.3%
% Correct
Dr. Perry Cox
70.1%
Tyler Perry
69.7%
Steve Perry
57.6%
Rick Perry
56.5%
Gaylord Perry
54.9%
Joe Perry
53.6%
Perry White
50.8%

Today's Daily Dose

Word Ladder
ING Words

Get the Picture
Nearest Volcano

From the Vault

You Think You Know The Office (US)?

by enough

The Office had a good run (mostly) and tonight is the series finale!
Remove Ads.
Support Sporcle.
Get the best of Sporcle when you Go Orange. This ad-free experience offers more features, more stats, and more fun while also helping to support Sporcle. Thank you for becoming a member.

Show Comments

Extras

Top Quizzes Today


Score Distribution

Your Account Isn't Verified!

In order to create a playlist on Sporcle, you need to verify the email address you used during registration. Go to your Sporcle Settings to finish the process.

Report this User

Report this user for behavior that violates our Community Guidelines.

Details: